Edge's WrestleMania Opponents - Statistics

General Stats
  • This quiz has been taken 255 times
  • The average score is 27 of 32
Answer Stats
WrestleMania Opponent % Correct
WrestleMania 23** Randy Orton
96%
WrestleMania 36 Randy Orton
96%
WrestleMania 25 John Cena
95%
WrestleMania 2000* Jeff Hardy
94%
WresteMania X-7* Jeff Hardy
94%
WrestleMania 23** Jeff Hardy
94%
WrestleMania 2000* Matt Hardy
94%
WrestleMania X-7* Matt Hardy
94%
WrestleMania 23** Matt Hardy
94%
WrestleMania XXIV The Undertaker
94%
WrestleMania 2000* Bubba Ray Dudley
92%
WrestleMania X-7* Bubba Ray Dudley
92%
WrestleMania 2000* D-Von Dudley
92%
WrestleMania X-7* D-Von Dudley
92%
WrestleMania 25 Big Show
91%
WrestleMania 37 Roman Reigns
90%
WrestleMania 21** Chris Jericho
86%
WrestleMania XXVI Chris Jericho
86%
WrestleMania 23** Booker T
84%
WrestleMania 21** Christian
82%
WrestleMania 23** CM Punk
82%
WrestleMania 37 Daniel Bryan
82%
WrestleMania 39 "Demon" Finn Balor
81%
WrestleMania 21** Kane
81%
WrestleMania XXVII Alberto Del Rio
77%
WrestleMania 38 AJ Styles
75%
WrestleMania 21** Shelton Benjamin
70%
WrestleMania 23** Mr. Kennedy
68%
WrestleMania 21** Chris Benoit
64%
WrestleMania 22 Mick Foley
63%
WrestleMania 23** Finlay
62%
WrestleMania X8 Booker T
52%
No matching quizzes found
Score Distribution
Percent of People with Each Score
Percentile by Number Answered
Your Score History
You have not taken this quiz